000 00221nam a2200097Ia 4500
008 180219s9999 xx 000 0 und d
100 _aSingh Surjit
245 0 _aElectrical Engineering Drawing Part 1
260 _c2013
300 _a0
942 _e2nd
999 _c43586
_d43586